MAASAI MARA UNIVERSITY

LIBRARY CATALOGUE

Contact Us: +254 020 2685356/7 or 0774 057787

Box: 861-20500, NAROK, KENYA

Email: info@mmarau.ac.ke

_Leisure services with the elderly Joseph D.Teaff (Record no. 13248)

MARC details
000 -LEADER
fixed length control field 00481nam a2200157Ia 4500
008 - FIXED-LENGTH DATA ELEMENTS--GENERAL INFORMATION
fixed length control field 151021s9999 xx 000 0 und d
020 ## - INTERNATIONAL STANDARD BOOK NUMBER
International Standard Book Number 80164893
050 ## - LIBRARY OF CONGRESS CALL NUMBER
Classification number GV184 .T4 1985
245 ## - TITLE STATEMENT
Title _Leisure services with the elderly Joseph D.Teaff
260 ## - PUBLICATION, DISTRIBUTION, ETC. (IMPRINT)
Place of publication, distribution, etc. Missouri Times mirror 1985
300 ## - PHYSICAL DESCRIPTION
Extent xvi,360p.
500 ## - GENERAL NOTE
General note Includes bibliographies and index
500 ## - GENERAL NOTE
General note Includes bibliographies and index
650 ## - SUBJECT ADDED ENTRY--TOPICAL TERM
Topical term or geographic name as entry element _Aged-recreation
980 ## - EQUIVALENCE OR CROSS-REFERENCE-SERIES STATEMENT--PERSONAL NAME/TITLE [LOCAL, CANADA]
Personal name ^d20130514 12:38:05^oanne

No items available.

© 2016 Maasai Mara University.